Markets (Record no. 83060)

MARC details
000 -LEADER
fixed length control field 01265cab a22002295a 4500
001 - CONTROL NUMBER
control field L152685
008 - FIXED-LENGTH DATA ELEMENTS--GENERAL INFORMATION
fixed length control field 110412e20110408xxk 000 0 eng d
035 ## - SYSTEM CONTROL NUMBER
System control number (Sirsi) u152685
041 0# - LANGUAGE CODE
Language code of text/sound track or separate title eng
100 1# - MAIN ENTRY--PERSONAL NAME
Personal name Eade, Christine
245 00 - TITLE STATEMENT
Title Markets
Remainder of title Hampshire, Dorset and Wiltshire
260 ## - PUBLICATION, DISTRIBUTION, ETC.
Date of publication, distribution, etc. 2011
490 #0 - SERIES STATEMENT
Series statement Property Week
Volume/sequential designation 77(14) 8 April 2011, 41-46(4)
520 ## - SUMMARY, ETC.
Summary, etc. Three firms are shortlisted to redevelop Basingstoke's 20 acre Basing View site into a office-led scheme. Owner Our Enterprise and developer Harcourt Developments overcome obstacles to commence redevelopment of the former Royal Hospital Haslar at Gosport. More lettings at Lakeside 1000 business park on North Harbour Portsmouth indicates improvement in the regional out-of-town office market. 30 000 sq ft pre-let at the former Exeter Road magistrates court is Salisbury's largest ever. Kondor's occupancy of 59 740 sq ft warehouse at Terrace Hill business park, Christchurch is Dorset's biggest shed deal for 15 years.
590 ## - LOCAL NOTE (RLIN)
Local note KA
651 #4 - SUBJECT ADDED ENTRY--GEOGRAPHIC NAME
Geographic name Hampshire
651 4# - SUBJECT ADDED ENTRY--GEOGRAPHIC NAME
Geographic name Dorset
651 #4 - SUBJECT ADDED ENTRY--GEOGRAPHIC NAME
Geographic name Wiltshire
690 ## - LOCAL SUBJECT ADDED ENTRY--TOPICAL TERM (OCLC, RLIN)
Topical term or geographic name as entry element PROPERTY-COMMERCIAL PROPERTY-COMMERCIAL PROPERTY MARKET
690 ## - LOCAL SUBJECT ADDED ENTRY--TOPICAL TERM (OCLC, RLIN)
Topical term or geographic name as entry element PROPERTY-COMMERCIAL PROPERTY-COMMERCIAL PROPERTY FINANCE AND INVESTMENT
942 ## - ADDED ENTRY ELEMENTS (KOHA)
Suppress in OPAC 0
Holdings
Withdrawn status Lost status Source of classification or shelving scheme Damaged status Not for loan Home library Current library Shelving location Date acquired Total Checkouts Full call number Barcode Date last seen Copy number Price effective from Koha item type
    Dewey Decimal Classification     London London Journal article 12/04/2011   L152685 152685-1001 06/08/2019 1 06/08/2019 Journal article